| 000 | 004250000a22001570004500 | ||
|---|---|---|---|
| 003 | MACL | ||
| 005 | 20180221130036.0 | ||
| 008 | 180221b xxu||||| |||| 00| 0 eng d | ||
| 040 | _cmacl | ||
| 100 |
_aअनामिका _970508 |
||
| 245 | _aदूब धान | ||
| 260 |
_bभारतीय ज्ञानपीठ _c2007 |
||
| 350 | _a140 | ||
| 650 |
_aकविता _970509 |
||
| 942 |
_cHIN _k891.431/ANA/P _2ddc |
||
| 999 |
_c11174 _d11174 |
||